000 00284nam a22001337a 4500
999 _c163588
_d163588
082 _a
_b
245 _aAnmol english hindi dictionary/
_cby Datta S C (ed.).
260 _aNew Delhi:
_bAnmol,
_c1993.
300 _a363p.
600 _a
650 _a
700 _a
942 _cBK